000 00696nam a22002057a 4500
999 _c16070
_d16070
003 AR-CdUCM
008 190502b ||||| |||| 00| 0 spa d
040 _aMUNICIPALIDAD PROVINCIAL DEL CUSCO
_cBIBLIOTECA MUNICIPAL DEL CUSCO
082 _a848.8 /
_bV52
100 _aJulio Verne
_935343
245 _aLas indias negras /
260 _aBuenos Aires :
_bAcme,
_c1957.
300 _a214 páginas ;
_bIlustraciones,
_c18 cm.
505 _aContenido: Dos cartas contradictorias -- Camino hecho -- El subsuelo del Reino Unido -- La mina Dochart...
650 _aNovelas francesas
_9571
650 _aSiglo XIX
_9971
650 _aFicción
_9184
942 _2ddc
_cLIBROS
945 _adavv
_d02/05/2019